Живот с радиация (Запис номер 101308)
[ съкратено ]
| 000 -Лидер | |
|---|---|
| Контролно поле с фиксирана дължина | 02164nam a2200397 c 4500 |
| 003 - Код на организацията, давaща контролен номер | |
| Контролно поле | BLK |
| 005 - Дата и час на последна редакция | |
| Контролно поле | 20250528133435.0 |
| 008 - Елементи от данни с фиксирана дължина | |
| fixed length control field | 180409b bul|||||r ||||||| ||bul|| |
| 010 ## - Наследен системен номер | |
| LC control number | KNG00106351000 |
| 020 ## - Международен стандартен номер на книга ISBN | |
| Международен стандартен номер на книга ISBN | 954-9931-55-2 |
| -- | издат.: Лодос |
| 040 ## - Източник на каталожния запис | |
| Идентификатор на билиотеката - собственик на записа | BLK |
| 041 ## - Код за език | |
| Код за езика на текст/звукозапис или на отделно заглавие | Български |
| Код за езика КДБФ | Български |
| 080 ## - УДК | |
| Текстов определител УДК | Радиоактивност и радиоактивно разпадане - Радиоактивни изотопи и техните характерни свойства, схеми на разпадане, алфа-, бета- и гама-радиоактивност и алфа-, бета- и гама-разпадане |
| УДК код - определител по УДК | 539.16 |
| УДК определител | (075.8) |
| УДК - код + определител | 539.16(075.8) |
| 080 ## - УДК | |
| Текстов определител УДК | Физически фактори на околната среда - Вятър, атмосферно налягане, шум, радиация, студ, електричество(и атмосферно), светлина(слънчева, ултравиолетова, инфрачервена), тъмнина, магнетизъм. Вж |
| УДК код - определител по УДК | 613.16 |
| УДК определител | (075.8) |
| УДК - код + определител | 613.16(075.8) |
| 100 1# - Редна дума - Автор | |
| Автор | Попиц, Роберт Курт |
| Авторска отговорност | първи автор |
| R(LIN) | 369908 |
| 139 ## - Редно поле | |
| Редна дума | Попиц, Роберт Курт и др. |
| Авторски знак | Поп - П 74 |
| 245 10 - Сведения за заглавието | |
| Заглавие | Живот с радиация |
| Подзаглавни данни | Дози, риск, защита |
| Редно поле (дума) | Роберт Курт Попиц; съавт. Владимир Дечев Пенчев. |
| 250 ## - Област на изданието | |
| Сведения за изданието | 2. прераб. и доп. изд. |
| 257 ## - Страна на издаване | |
| Страна на създаване/издаване | България |
| 260 ## - Област на издателските данни | |
| -- | София |
| Име на издателя, разпространителя и проч. | Лодос |
| Година на издаване | 2003 |
| Печатница | София : Симолини 94 |
| 300 ## - Физическа характеристика | |
| Страници | 192 с. |
| Илюстрации и др. | с ил. |
| Размери/Мащаб | 24 см |
| 380 ## - Жанр | |
| Жанр | Естествени науки. Математика |
| 490 1# - СЕРИИ (Колекции) | |
| Име на серия | Цивилизация и рискове |
| 650 #4 - Допълнително описание по предмет – тема | |
| Основно описание – тема или топоним | Радиация - защита |
| 9 (RLIN) | 242010 |
| 650 #4 - Допълнително описание по предмет – тема | |
| Основно описание – тема или топоним | Човек - връзка с околната среда |
| 9 (RLIN) | 251293 |
| 653 ## - Ключова дума – ненормативна | |
| Ключова дума | радиация |
| 653 ## - Ключова дума – ненормативна | |
| Ключова дума | дозиметрия |
| 653 ## - Ключова дума – ненормативна | |
| Ключова дума | защита |
| 700 1# - Други автори (авторска отговорност) | |
| Лично име | Пенчев, Владимир Дечев |
| Автороска отговорност (Описва отношението между автора и произведението) | съавт. |
| 9 (RLIN) | 288880 |
| 852 ## - Местоположение | |
| Форматна сигнатура | Цб 214975 |
| 856 4# - Електронен адрес и достъп | |
| Електронен формат | pdf - файл |
| Път до файла /url/ | |
| 856 4# - Електронен адрес и достъп | |
| Електронен формат | pdf - файл |
| Път до файла /url/ | |
| 942 ## - АРТИКУЛИ | |
| Вид на библиотечния материал | Книги |
| Скрит в OPAC | Не |
| Koha issues (borrowed), all copies | 4 |
| 944 ## - СЪЗДАВАНЕ И РЕДАКЦИЯ на ЗАПИСА | |
| Създаване/Редакция | Създаване |
| Дата на регистрацията/редакция | 01.01.2003 |
| Служител, извършил регистрацията/редакцията | 30576 |
| Статус, дата на статуса | Цветомила Тодорова |
| 944 ## - СЪЗДАВАНЕ И РЕДАКЦИЯ на ЗАПИСА | |
| Създаване/Редакция | Редакция |
| Дата на регистрацията/редакция | 10.01.2013 |
| Служител, извършил регистрацията/редакцията | |
| 999 ## - СИСТЕМНИ КОНТРОЛНИ НОМЕРА | |
| Koha biblionumber | 101308 |
| Koha biblioitemnumber | 101308 |
| Код за отписване | Код за изгубен артикул | Източник на класификационната схема | Код за повреда | Коз за рестрикции | Код за отдаване | Артикулен № | Име на библиотеката - собственик | Име на библиотеката, в която се намира в момента | Статус (Текущо местоположение) | Дата на вписване в системата | Местоположение - отдел | Цена в лева | Инвентарен номер | Систематично азбучна сигнатура | Баркод | Номер на екземпляра | Цена в евро | Служебна бележка | Служебен тип на артикула |
|---|---|---|---|---|---|---|---|---|---|---|---|---|---|---|---|---|---|---|---|
| Не е изгубен | Universal Decimal Classification | Не е повреден | без рестрикции | заемане за дома | 163071 | Регионална библиотека "Любен Каравелов" Русе | Регионална библиотека "Любен Каравелов" Русе | Заемна - подръчен фонд | 2003-05-27 | Заемна - подръчен фонд | 6.50 | 120000676439 | П 539.1/П 74 | 120000676439 | 1 | 3.32 | Дост: Pk Вид: Ф N: 3 Дата: 27.05.2003 Дата инв: 02.02.2018 Бележки инв: П2018 | Книги | |
| Не е изгубен | Не е повреден | без рестрикции | ползва се в читалня | 163072 | Регионална библиотека "Любен Каравелов" Русе | Регионална библиотека "Любен Каравелов" Русе | Читалня | 2003-05-27 | Читалня | 6.50 | 120000676440 | Ч 539/П 74 | 120000676440 | 2 | 3.32 | Дост: Pk Вид: Ф N: 3 Дата: 27.05.2003 Дата инв: 16.03.2017 Бележки инв: Ч2017 | Книги | ||
| Не е изгубен | Не е повреден | без рестрикции | ползва се в читалня | 163073 | Регионална библиотека "Любен Каравелов" Русе | Регионална библиотека "Любен Каравелов" Русе | Хранилище | 2004-04-28 | Хранилище | 6.50 | 120000684921 | Цб 214975 | 120000684921 | 3 | 3.32 | Дост: Dp Вид: Д N: 24 Дата: 04.06.2003 | Книги |